National income of India: (Record no. 56758)

MARC details
000 -LEADER
fixed length control field 00757cam a22002411 4500
001 - CONTROL NUMBER
control field sa 64001463
003 - CONTROL NUMBER IDENTIFIER
control field DLC
005 - DATE AND TIME OF LATEST TRANSACTION
control field 20260227112002.0
008 - FIXED-LENGTH DATA ELEMENTS--GENERAL INFORMATION
fixed length control field 800514s1963 ii a b 000 0 eng
010 ## - LIBRARY OF CONGRESS CONTROL NUMBER
LC control number sa 64001463
025 ## - OVERSEAS ACQUISITION NUMBER
Overseas acquisition number PL480:I-E-1820
035 ## - SYSTEM CONTROL NUMBER
System control number (OCoLC)6315373
040 ## - CATALOGING SOURCE
Original cataloging agency DLC
Transcribing agency TxCM
Modifying agency OCoLC
-- DLC
042 ## - AUTHENTICATION CODE
Authentication code premarc
050 00 - LIBRARY OF CONGRESS CALL NUMBER
Classification number HC440.I5
Item number I56
110 2# - MAIN ENTRY--CORPORATE NAME
Corporate name or jurisdiction name as entry element Indian Merchants' Chamber.
Subordinate unit Economic Research and Training Foundation.
245 10 - TITLE STATEMENT
Title National income of India:
Remainder of title growth and distribution, 1950-51 to 1960-61; facts and problems.
260 ## - PUBLICATION, DISTRIBUTION, ETC.
Place of publication, distribution, etc. Bombay
Date of publication, distribution, etc. [1963]
300 ## - PHYSICAL DESCRIPTION
Extent viii, 271 p.
Other physical details tables.
Dimensions 23 cm.
490 0# - SERIES STATEMENT
Series statement Research publication series ;
Volume/sequential designation 4
504 ## - BIBLIOGRAPHY, ETC. NOTE
Bibliography, etc. note Bibliography: p. [267]-268.
650 #0 - SUBJECT ADDED ENTRY--TOPICAL TERM
Topical term or geographic name entry element Income
Geographic subdivision India.

No items available.

Powered by Koha